Vào 'biển giáo, rừng gươm' như trẩy hội

Αποθηκεύτηκε σε:
Λεπτομέρειες βιβλιογραφικής εγγραφής
Κύριος συγγραφέας: Hồng Hải
Άλλοι συγγραφείς: Thu Hùng
Μορφή: Βιβλίο
Γλώσσα:Undetermined
Θέματα:
Διαθέσιμο Online:http://lrc.tdmu.edu.vn/opac/search/detail.asp?aID=2&ID=23608
Ετικέτες: Προσθήκη ετικέτας
Δεν υπάρχουν, Καταχωρήστε ετικέτα πρώτοι!
Thư viện lưu trữ: Trung tâm Học liệu Trường Đại học Thủ Dầu Một
LEADER 00645nam a2200145Ia 4500
001 TDMU_23608
008 210410s9999 xx 000 0 und d
082 |a 959.704 
100 |a Hồng Hải 
245 0 |a Vào 'biển giáo, rừng gươm' như trẩy hội 
300 |a 6tr 
650 |a Lịch sử ; Kháng chiến chống Mỹ ; Nhà tình báo ; Ngành trinh sát kỹ thuật ; Tư lệnh Nguyễn Hữu An ; Nguyễn Tiến Nhự 
700 |a Thu Hùng 
856 |u http://lrc.tdmu.edu.vn/opac/search/detail.asp?aID=2&ID=23608 
980 |a Trung tâm Học liệu Trường Đại học Thủ Dầu Một